00412 2200157 4500245006400000020002200064250001100086100003200097700001100129005001900140260003700159041001400196084001400210300002100224336000900245 aMasakan Selera NusantaracTien Winayuningsih SugiantihText a978-602-1310-08-3 aCet. 1 aTien Winayuningsih Sugianti aDikdik a20230525101134 aJakartabGading Inti Primac2014 aIndonesia a641.59598 a130 hlm. :c24cm atext